000 00566nam a2200193 i 4500
001 24431
003 ES-MaACL
005 20230906153040.0
007 t|
008 021217s1951 sp ||||1| spa d
245 0 0 _aAntologĂ­a de los documentos reales de la dinastĂ­a carlista /
_cpreparada por Melchor Ferrer.
260 _aMadrid :
_b[s.n.,
_c1951 (
_fImp. Maribel)
300 _a204 p. ;
_c17 cm.
490 1 _aCovadonga
700 1 _aFerrer, Melchor.
_950431
830 0 _aCovadonga
_9185733
852 _aES-MaACL
_jD-7494
_bR.22224
999 _c24431
_d24431